000 00702cam a22002413a 4500
001 28581
003 PGUSA
005 20140828083621.0
008 090420s2009||||xxu|||||s|||||000 | eng d
040 _aPGUSA
_beng
042 _adc
050 4 _aDF
100 1 _aTappan, Eva March,
_d1854-1930
245 1 0 _aDe Geschiedenis van het Grieksche Volk
_h[electronic resource] /
_cEva March Tappan
260 _bProject Gutenberg,
_c2009
506 _aPublic domain in the USA.
516 _aElectronic text
653 _aGreece -- History
700 1 _aGoudsmit, Boudewijn Casper,
_d1849-1915
830 0 _aProject Gutenberg
_v28581
856 4 0 _uhttp://www.gutenberg.org/ebooks/28581
942 _cEB
999 _c257836
_d257836